Game of Thrones- Hands of the King/Queen - Statistics

General Stats
  • This quiz has been taken 475 times
    428 since last reset
  • The average score is 14 of 46
Answer Stats
King/Queen Hand % Correct
Joffrey 'The False King' Baratheon/Lannister Tywin Lannister
97%
Tommen 'The Boy King' Baratheon/Lannister Tywin Lannister
97%
Aerys 'The Mad King' Targaryen Tywin Lannister
97%
Daenerys 'The Stormborn' Targaryen Tyrion Lannister
91%
Joffrey 'The False King' Baratheon/Lannister Tyrion Lannister
91%
Robert 'The Stag King' Baratheon Eddard Stark
89%
Robert 'The Stag King' Baratheon Jon Arryn
87%
Stannis I Baratheon Davos Seaworth
84%
Cersei Lannster Qyburn
70%
Tommen 'The Boy King' Baratheon/Lannister Kevan Lannister
56%
Renly Baratheon Mace Tyrell
43%
Jaehaerys 'The Old' Targaryen Otto Hightower
43%
Viserys 'The Young' Targaryen Otto Hightower
43%
Aegon 'The Conqueror' Targaryen Orys Baratheon
30%
Aerys 'The Mad King' Targaryen Jon Connington
28%
Aegon 'The Broken' Targaryen Viserys Targaryen
26%
Daeron 'The Young Dragon' Targaryen Viserys Targaryen
26%
Baelor 'The Blessed' Targaryen Viserys Targaryen
26%
Aegon 'The Usurper' Targaryen Criston Cole
24%
Aerys I Targaryen Brynden Rivers / Bloodraven
22%
Maekar I Targaryen Brynden Rivers / Bloodraven
22%
Aegon 'The Unlikely' Targaryen/Egg Brynden Rivers / Bloodraven
22%
Aenys I Targaryen Maegor Targaryen
17%
Aegon 'The Broken' Targaryen Cregan Stark
15%
Daeron 'The Good' Targaryen Baelor Targaryen / Breakspear
14%
Aerys 'The Mad King' Targaryen Rossart
14%
Jaehaerys 'The Old' Targaryen Septon Barth
13%
Jaehaerys 'The Old' Targaryen Baelon Targaryen
12%
Aegon 'The Usurper' Targaryen Lyonel Strong
10%
Aegon 'The Broken' Targaryen Tyland Lannister
9%
Aegon 'The Broken' Targaryen Unwin Peake
9%
Aerys 'The Mad King' Targaryen Owen Merryweather
7%
Aerys 'The Mad King' Targaryen Qarlton Chelsted
6%
Jaehaerys 'The Old' Targaryen Ryam Redwyne
6%
Maegor 'The Cruel' Targaryen Lucas Harroway
5%
Aenys I Targaryen Septon Murmison
5%
Aegon 'The Broken' Targaryen Thaddeus Rowan
5%
Aegon 'The Broken' Targaryen Torrhen Manderly
5%
Aenys I Targaryen Alyn Stokeworth
4%
Aegon 'The Conqueror' Targaryen Edmyn Tully
4%
Aegon 'The Broken' Targaryen Marston Waters
4%
Aegon 'The Conqueror' Targaryen Osmund Strong
4%
Maegor 'The Cruel' Targaryen Edwell Celtigar
3%
Aegon 'The Broken' Targaryen Grand Maester Munkun
3%
Jaehaerys 'The Old' Targaryen Robar Baratheon
3%
Aegon 'The Usurper' Targaryen Otto Hghtower
1%
No matching quizzes found
Score Distribution
Percent of People with Each Score
Percentile by Number Answered
Your Score History
You have not taken this quiz since the last reset